All Star Trek Episodes 1967-2005 - Statistics

General Stats
  • This quiz has been taken 34 times
  • The average score is 37 of 693
Answer Stats
Series Season Episode Title % Correct
TOS 1 2 Charlie X
80%
TOS 1 1 The Man Trap
80%
TNG 1 01-02 Encounter at Farpoint
60%
TOS 3 1 Spock's Brain
60%
TOS 1 3 Where No Man Has Gone Before
60%
TOS 2 1 Amok Time
40%
TOS 2 8 I, Mudd
40%
TOS 1 6 Mudd's Women
40%
VOY 3 26 Scorpion
40%
VOY 4 1 Scorpion
40%
TNG 3 26 The Best of Both Worlds
40%
TNG 4 1 The Best of Both Worlds
40%
TOS 1 25 The Devil in the Dark
40%
TOS 1 11 The Menagerie
40%
TOS 1 12 The Menagerie
40%
TOS 1 21 The Return of the Archons
40%
TOS 2 15 The Trouble with Tribbles
40%
TNG 1 6 Where No One Has Gone Before
40%
TNG 1 15 11001001
20%
TNG 7 25-26 All Good Things...
20%
TNG 2 8 A Matter of Honor
20%
TNG 1 14 Angel One
20%
ENT 2 5 A Night in Sickbay
20%
TOS 2 17 A Piece of the Action
20%
TOS 1 18 Arena
20%
TOS 2 26 Assignment: Earth
20%
TOS 1 23 A Taste of Armageddon
20%
ENT 3 18 Azati Prime
20%
TNG 6 16-17 Birthright
20%
ENT 1 1 Broken Bow
20%
TNG 4 3 Brothers
20%
VOY 1 1 Caretaker
20%
VOY 1 2 Caretaker
20%
VOY 1 13 Cathexis
20%
TNG 1 4 Code of Honor
20%
ENT 1 11 Cold Front
20%
TNG 1 25 Conspiracy
20%
TNG 7 7 Dark Page
20%
TNG 5 2 Darmok
20%
TNG 4 11 Data's Day
20%
TNG 3 13 Déjà Q
20%
TNG 6 26 Descent
20%
TNG 7 1 Descent
20%
ENT 3 21 E2
20%
DS9 1 1-2 Emissary
20%
VOY 7 25 Endgame
20%
VOY 7 26 Endgame
20%
TNG 5 3 Ensign Ro
20%
TNG 3 1 Evolution
20%
TNG 4 2 Family
20%
TNG 4 9 Final Mission
20%
TOS 3 8 For the World Is Hollow and I Have Touched the Sky
20%
VOY 3 8 Future's End
20%
VOY 3 9 Future's End
20%
TNG 7 4-5 Gambit
20%
TNG 7 19 Genesis
20%
ENT 4 3 Home
20%
DS9 4 11 Homefront
20%
TNG 7 13 Homeward
20%
DS9 6 15 Honor Among Thieves
20%
TNG 5 23 I, Borg
20%
DS9 7 1 Image in the Sand
20%
TNG 5 22 Imaginary Friend
20%
DS9 1 20 In the Hands of the Prophets
20%
DS9 7 10 It's Only a Paper Moon
20%
TNG 7 20 Journey's End
20%
TOS 2 10 Journey to Babel
20%
TNG 1 8 Justice
20%
VOY 1 16 Learning Curve
20%
DS9 5 3 Looking for par'Mach in All the Wrong Places
20%
TNG 2 5 Loud as a Whisper
20%
TNG 7 15 Lower Decks
20%
TOS 2 4 Mirror, Mirror
20%
DS9 1 10 Move Along Home
20%
VOY 4 25 One
20%
DS9 6 14 One Little Ship
20%
TOS 1 29 Operation: Annihilate!
20%
DS9 2 15 Paradise
20%
DS9 4 12 Paradise Lost
20%
TNG 2 15 Pen Pals
20%
TOS 3 10 Plato's Stepchildren
20%
TNG 7 24 Preemptive Strike
20%
VOY 7 19 Q2
20%
DS9 1 7 Q-Less
20%
TNG 2 16 Q Who
20%
TNG 6 7 Rascals
20%
TNG 4 26 Redemption
20%
TNG 5 1 Redemption
20%
TNG 6 4 Relics
20%
VOY 3 6 Remember
20%
TNG 4 5 Remember Me
20%
TOS 2 20 Return to Tomorrow
20%
TNG 4 7 Reunion
20%
TNG 6 23 Rightful Heir
20%
DS9 3 5 Second Skin
20%
TOS 1 15 Shore Leave
20%
TNG 1 23 Skin of Evil
20%
TOS 1 22 Space Seed
20%
TNG 6 18 Starship Mine
20%
TNG 7 14 Sub Rosa
20%
TNG 1 22 Symbiosis
20%
TNG 6 15 Tapestry
20%
ENT 4 21 Terra Prime
20%
VOY 2 1 The 37's
20%
TOS 1 27 The Alternative Factor
20%
TOS 2 5 The Apple
20%
DS9 5 5 The Assignment
20%
TNG 1 9 The Battle
20%
TOS 2 3 The Changeling
20%
TNG 6 20 The Chase
20%
TNG 2 1 The Child
20%
DS9 2 2 The Circle
20%
TOS 1 28 The City on the Edge of Forever
20%
TNG 2 20 The Emissary
20%
TNG 3 7 The Enemy
20%
TOS 1 5 The Enemy Within
20%
TNG 3 2 The Ensigns of Command
20%
TOS 3 2 The Enterprise Incident
20%
TOS 1 16 The Galileo Seven
20%
VOY 4 2 The Gift
20%
DS9 2 1 The Homecoming
20%
DS9 3 3 The House of Quark
20%
DS9 2 26 The Jem'Hadar
20%
TNG 1 5 The Last Outpost
20%
DS9 6 10 The Magnificent Ferengi
20%
DS9 2 20 The Maquis
20%
DS9 2 21 The Maquis
20%
TNG 5 13 The Masterpiece Society
20%
TNG 2 9 The Measure of a Man
20%
DS9 1 11 The Nagus
20%
TNG 1 3 The Naked Now
20%
TOS 1 4 The Naked Time
20%
TNG 1 26 The Neutral Zone
20%
TOS 2 23 The Omega Glory
20%
TOS 3 3 The Paradise Syndrome
20%
TNG 3 8 The Price
20%
VOY 3 11 The Q and the Grey
20%
DS9 3 1 The Search
20%
DS9 3 2 The Search
20%
ENT 4 22 These are the Voyages...
20%
DS9 2 3 The Siege
20%
DS9 7 8 The Siege of AR-558
20%
TOS 1 17 The Squire of Gothos
20%
TOS 3 9 The Tholian Web
20%
ENT 3 1 The Xindi
20%
TOS 1 24 This Side of Paradise
20%
TNG 5 26 Time's Arrow
20%
TNG 6 1 Time's Arrow
20%
TOS 1 19 Tomorrow Is Yesterday
20%
DS9 5 6 Trials and Tribble-ations
20%
TNG 6 6 True Q
20%
TOS 3 24 Turnabout Intruder
20%
VOY 2 24 Tuvix
20%
TNG 5 7-8 Unification
20%
DS9 7 25-26 What You Leave Behind
20%
TNG 2 2 Where Silence Has Lease
20%
TOS 2 2 Who Mourns for Adonais?
20%
DS9 6 12 Who Mourns for Morn?
20%
TOS 2 14 Wolf in the Fold
20%
VOY 5 23 11:59
0%
DS9 4 17 Accession
0%
ENT 1 19 Acquisition
0%
ENT 4 15 Affliction
0%
TNG 6 8 A Fistful of Datas
0%
DS9 7 3 Afterimage
0%
VOY 6 5 Alice
0%
TNG 3 18 Allegiance
0%
VOY 2 14 Alliances
0%
TOS 3 23 All Our Yesterdays
0%
VOY 3 14 Alter Ego
0%
DS9 1 4 A Man Alone
0%
TNG 3 14 A Matter of Perspective
0%
TNG 5 9 A Matter of Time
0%
TOS 3 4 And the Children Shall Lead
0%
ENT 3 2 Anomaly
0%
DS9 5 1 Apocalypse Rising
0%
TOS 2 19 A Private Little War
0%
TNG 6 13 Aquiel
0%
DS9 2 13 Armageddon Game
0%
VOY 6 18 Ashes to Ashes
0%
DS9 5 17 A Simple Investigation
0%
DS9 6 1 A Time to Stand
0%
TNG 7 8 Attached
0%
VOY 7 20 Author, Author
0%
ENT 4 8 Awakening
0%
DS9 1 5 Babel
0%
ENT 4 12 Babel One
0%
DS9 7 15 Badda-Bing Badda-Bang
0%
TOS 1 14 Balance of Terror
0%
DS9 4 16 Bar Association
0%
VOY 6 3 Barge of the Dead
0%
VOY 2 26 Basics
0%
VOY 3 1 Basics
0%
DS9 1 13 Battle Lines
0%
VOY 3 21 Before and After
0%
DS9 6 4 Behind the Lines
0%
DS9 5 23 Blaze of Glory
0%
VOY 6 12 Blink of an Eye
0%
VOY 5 14 Bliss
0%
VOY 3 16 Blood Fever
0%
TNG 7 22 Bloodlines
0%
DS9 2 19 Blood Oath
0%
VOY 7 7 Body and Soul
0%
DS9 4 25 Body Parts
0%
TNG 3 6 Booby Trap
0%
ENT 4 4 Borderland
0%
ENT 4 17 Bound
0%
ENT 2 25 Bounty
0%
TOS 2 25 Bread and Circuses
0%
ENT 1 8 Breaking the Ice
0%
VOY 5 12 Bride of Chaotica!
0%
DS9 4 26 Broken Link
0%
DS9 5 18 Business as Usual
0%
TOS 2 22 By Any Other Name
0%
DS9 5 15 By Inferno's Light
0%
DS9 5 26 Call to Arms
0%
ENT 2 17 Canamar
0%
TNG 3 19 Captain's Holiday
0%
DS9 1 6 Captive Pursuit
0%
ENT 2 2 Carbon Creek
0%
DS9 2 5 Cardassians
0%
ENT 3 11 Carpenter Street
0%
TOS 2 7 Catspaw
0%
TNG 5 18 Cause and Effect
0%
ENT 2 15 Cease Fire
0%
TNG 6 10-11 Chain of Command
0%
DS9 6 16 Change of Heart
0%
DS9 5 22 Children of Time
0%
VOY 6 19 Child's Play
0%
DS9 7 14 Chimera
0%
ENT 3 12 Chosen Realm
0%
DS9 7 5 Chrysalis
0%
DS9 3 7 Civil Defense
0%
ENT 1 9 Civilization
0%
TNG 4 14 Clues
0%
VOY 3 15 Coda
0%
ENT 2 22 Cogenitor
0%
VOY 2 10 Cold Fire
0%
ENT 4 5 Cold Station 12
0%
VOY 6 16 Collective
0%
TNG 1 19 Coming of Age
0%
VOY 4 11 Concerning Flight
0%
TNG 2 11 Contagion
0%
TNG 5 14 Conundrum
0%
TNG 5 20 Cost of Living
0%
ENT 3 23 Countdown
0%
VOY 5 10 Counterpoint
0%
VOY 5 18 Course: Oblivion
0%
TOS 1 20 Court Martial
0%
DS9 7 9 Covenant
0%
VOY 7 5 Critical Care
0%
DS9 4 13 Crossfire
0%
DS9 2 23 Crossover
0%
ENT 4 10 Daedalus
0%
TOS 1 9 Dagger of the Mind
0%
ENT 3 19 Damage
0%
VOY 5 15 Dark Frontier
0%
VOY 5 16 Dark Frontier
0%
VOY 3 18 Darkling
0%
TNG 1 13 Datalore
0%
ENT 2 13 Dawn
0%
DS9 1 8 Dax
0%
VOY 4 3 Day of Honor
0%
TOS 3 7 Day of the Dove
0%
VOY 2 21 Deadlock
0%
ENT 2 4 Dead Stop
0%
ENT 1 13 Dear Doctor
0%
VOY 2 18 Death Wish
0%
DS9 3 9 Defiant
0%
VOY 4 24 Demon
0%
ENT 4 20 Demons
0%
ENT 1 24 Desert Crossing
0%
DS9 3 15 Destiny
0%
ENT 1 21 Detained
0%
TNG 4 13 Devil's Due
0%
TNG 5 5 Disaster
0%
VOY 3 24 Displaced
0%
VOY 3 23 Distant Origin
0%
DS9 3 18 Distant Voices
0%
ENT 4 16 Divergence
0%
DS9 5 16 Doctor Bashir, I Presume?
0%
ENT 3 16 Doctor's Owners
0%
VOY 6 7 Dragon's Teeth
0%
DS9 1 18 Dramatis Personae
0%
VOY 2 17 Dreadnought
0%
VOY 7 3 Drive
0%
VOY 5 2 Drone
0%
DS9 1 19 Duet
0%
TOS 3 13 Elaan of Troyius
0%
TNG 2 3 Elementary, Dear Data
0%
VOY 2 4 Elogium
0%
VOY 1 9 Emanations
0%
TNG 7 23 Emergence
0%
DS9 5 24 Empok Nor
0%
DS9 3 4 Equilibrium
0%
VOY 5 26 Equinox
0%
VOY 6 1 Equinox
0%
TOS 1 26 Errand of Mercy
0%
TNG 5 16 Ethics
0%
ENT 3 6 Exile
0%
DS9 3 22 Explorers
0%
VOY 1 8 Ex Post Facto
0%
ENT 3 3 Extinction
0%
DS9 7 23 Extreme Measures
0%
VOY 5 3 Extreme Risk
0%
TNG 7 18 Eye of the Beholder
0%
VOY 1 7 Eye of the Needle
0%
TNG 6 14 Face of the Enemy
0%
VOY 1 14 Faces
0%
DS9 3 25 Facets
0%
VOY 6 11 Fair Haven
0%
VOY 3 13 Fair Trade
0%
ENT 1 23 Fallen Hero
0%
VOY 3 5 False Profits
0%
DS9 3 23 Family Business
0%
DS9 6 13 Far Beyond the Stars
0%
DS9 3 10 Fascination
0%
VOY 3 20 Favorite Son
0%
DS9 6 5 Favor the Bold
0%
DS9 5 20 Ferengi Love Songs
0%
DS9 7 13 Field of Fire
0%
ENT 1 3 Fight or Flight
0%
TNG 7 21 Firstborn
0%
TNG 4 15 First Contact
0%
ENT 2 24 First Flight
0%
VOY 3 2 Flashback
0%
VOY 7 9 Flesh and Blood
0%
VOY 7 10 Flesh and Blood
0%
TNG 7 9 Force of Nature
0%
DS9 4 22 For the Cause
0%
DS9 5 13 For the Uniform
0%
ENT 1 10 Fortunate Son
0%
TNG 6 21 Frame of Mind
0%
TOS 2 11 Friday's Child
0%
VOY 7 21 Friendship One
0%
VOY 6 23 Fury
0%
ENT 1 17 Fusion
0%
TNG 4 8 Future Imperfect
0%
ENT 2 16 Future Tense
0%
TNG 4 16 Galaxy's Child
0%
VOY 6 20 Good Shepherd
0%
VOY 5 13 Gravity
0%
TNG 4 22 Half a Life
0%
ENT 3 15 Harbinger
0%
DS9 4 19 Hard Time
0%
ENT 3 17 Hatchery
0%
TNG 1 11 Haven
0%
TNG 1 20 Heart of Glory
0%
DS9 3 14 Heart of Stone
0%
VOY 1 12 Heroes and Demons
0%
TNG 5 11 Hero Worship
0%
TNG 1 10 Hide and Q
0%
DS9 4 4 Hippocratic Oath
0%
DS9 6 20 His Way
0%
TNG 3 21 Hollow Pursuits
0%
TNG 1 18 Home Soil
0%
VOY 7 23 Homestead
0%
VOY 4 26 Hope and Fear
0%
ENT 2 20 Horizon
0%
VOY 7 18 Human Error
0%
VOY 4 15 Hunters
0%
TNG 4 18 Identity Crisis
0%
DS9 1 16 If Wishes Were Horses
0%
VOY 7 2 Imperfection
0%
DS9 3 20 Improbable Cause
0%
ENT 3 5 Impulse
0%
ENT 4 18 In a Mirror, Darkly
0%
ENT 4 19 In a Mirror, Darkly
0%
DS9 4 5 Indiscretion
0%
VOY 5 7 Infinite Regress
0%
TNG 7 10 Inheritance
0%
VOY 2 2 Initiations
0%
VOY 2 22 Innocence
0%
DS9 5 14 In Purgatory's Shadow
0%
DS9 6 18 Inquisition
0%
VOY 7 6 Inside Man
0%
DS9 7 16 Inter Arma Enim Silent Leges
0%
TNG 7 3 Interface
0%
DS9 5 25 In the Cards
0%
VOY 5 4 In the Flesh
0%
TNG 4 25 In Theory
0%
DS9 6 19 In the Pale Moonlight
0%
DS9 2 4 Invasive Procedures
0%
VOY 2 20 Investigations
0%
TOS 3 5 Is There in Truth No Beauty?
0%
VOY 1 15 Jetrel
0%
ENT 2 19 Judgement
0%
VOY 5 21 Juggernaut
0%
ENT 4 9 Kir'Shara
0%
VOY 5 11 Latent Image
0%
TNG 4 6 Legacy
0%
TNG 6 19 Lessons
0%
DS9 5 7 Let He Who Is Without Sin...
0%
TOS 3 15 Let That Be Your Last Battlefield
0%
TNG 7 2 Liaisons
0%
VOY 6 24 Life Line
0%
VOY 2 19 Lifesigns
0%
DS9 3 13 Life Support
0%
VOY 7 12 Lineage
0%
DS9 4 8 Little Green Men
0%
VOY 6 21 Live Fast and Prosper
0%
VOY 4 23 Living Witness
0%
TNG 1 7 Lonely Among Us
0%
VOY 3 12 Macrocosm
0%
VOY 2 11 Maneuvers
0%
TNG 2 19 Manhunt
0%
TNG 6 3 Man of the People
0%
ENT 2 6 Marauders
0%
TNG 7 17 Masks
0%
VOY 2 16 Meld
0%
DS9 2 6 Melora
0%
VOY 6 14 Memorial
0%
TNG 3 24 Ménage à Troi
0%
DS9 3 8 Meridian
0%
VOY 4 14 Message in a Bottle
0%
TOS 2 9 Metamorphosis
0%
ENT 2 3 Minefield
0%
TOS 1 8 Miri
0%
VOY 4 12 Mortal Coil
0%
VOY 6 22 Muse
0%
VOY 7 22 Natural Law
0%
DS9 2 8 Necessary Evil
0%
VOY 4 4 Nemesis
0%
TNG 5 10 New Ground
0%
VOY 5 1 Night
0%
VOY 7 8 Nightingale
0%
TNG 4 17 Night Terrors
0%
VOY 2 5 Non Sequitur
0%
DS9 5 4 ...Nor the Battle to the Strong
0%
ENT 3 9 North Star
0%
VOY 5 8 Nothing Human
0%
ENT 1 20 Oasis
0%
ENT 4 11 Observer Effect
0%
TOS 2 13 Obsession
0%
DS9 7 7 Once More unto the Breach
0%
VOY 5 5 Once Upon a Time
0%
VOY 6 8 One Small Step
0%
DS9 4 10 Our Man Bashir
0%
VOY 1 3 Parallax
0%
TNG 7 11 Parallels
0%
VOY 2 7 Parturition
0%
DS9 1 3 Past Prologue
0%
DS9 3 11 Past Tense
0%
DS9 3 12 Past Tense
0%
VOY 6 10 Pathfinder
0%
TOS 2 21 Patterns of Force
0%
TNG 2 21 Peak Performance
0%
DS9 7 17 Penumbra
0%
VOY 2 8 Persistence of Vision
0%
VOY 1 5 Phage
0%
TNG 7 6 Phantasms
0%
DS9 2 17 Playing God
0%
TNG 5 15 Power Play
0%
ENT 2 11 Precious Cargo
0%
VOY 4 16 Prey
0%
VOY 1 10 Prime Factors
0%
DS9 7 11 Prodigal Daughter
0%
DS9 6 23 Profit and Lace
0%
DS9 2 18 Profit and Loss
0%
DS9 1 15 Progress
0%
VOY 2 3 Projections
0%
VOY 7 14 Prophecy
0%
DS9 3 16 Prophet Motive
0%
VOY 2 13 Prototype
0%
ENT 3 13 Proving Ground
0%
TNG 4 20 Qpid
0%
ENT 3 4 Rajiin
0%
VOY 4 10 Random Thoughts
0%
DS9 5 10 Rapture
0%
VOY 3 22 Real Life
0%
TNG 6 2 Realm of Fear
0%
ENT 2 23 Regeneration
0%
DS9 4 6 Rejoined
0%
VOY 5 24 Relativity
0%
VOY 7 24 Renaissance Man
0%
VOY 7 13 Repentance
0%
VOY 7 4 Repression
0%
TOS 3 19 Requiem for Methuselah
0%
VOY 2 12 Resistance
0%
VOY 2 25 Resolutions
0%
DS9 6 8 Resurrection
0%
VOY 4 17 Retrospect
0%
DS9 4 14 Return to Grace
0%
VOY 4 5 Revulsion
0%
VOY 6 6 Riddles
0%
VOY 3 19 Rise
0%
DS9 2 11 Rivals
0%
DS9 6 2 Rocks and Shoals
0%
ENT 1 18 Rogue Planet
0%
DS9 2 7 Rules of Acquisition
0%
DS9 4 18 Rules of Engagement
0%
VOY 3 7 Sacred Ground
0%
DS9 6 6 Sacrifice of Angels
0%
TNG 2 17 Samaritan Snare
0%
DS9 2 10 Sanctuary
0%
TNG 3 23 Sarek
0%
TNG 6 5 Schisms
0%
VOY 4 7 Scientific Method
0%
TNG 6 24 Second Chances
0%
DS9 2 9 Second Sight
0%
TNG 2 22 Shades of Gray
0%
DS9 2 16 Shadowplay
0%
DS9 7 2 Shadows and Symbols
0%
ENT 1 15 Shadows of P'Jem
0%
DS9 3 24 Shakaar
0%
VOY 7 11 Shattered
0%
DS9 4 20 Shattered Mirror
0%
TNG 6 12 Ship in a Bottle
0%
ENT 1 26 Shockwave
0%
ENT 2 1 Shockwave
0%
ENT 1 16 Shuttlepod One
0%
ENT 1 12 Silent Enemy
0%
TNG 5 4 Silicon Avatar
0%
ENT 3 10 Similitude
0%
ENT 2 9 Singularity
0%
TNG 3 17 Sins of the Father
0%
ENT 1 14 Sleeping Dogs
0%
DS9 5 21 Soldiers of the Empire
0%
VOY 5 22 Someone to Watch Over Me
0%
DS9 6 3 Sons and Daughters
0%
DS9 4 15 Sons of Mogh
0%
TOS 3 6 Spectre of the Gun
0%
VOY 6 17 Spirit Folk
0%
DS9 4 7 Starship Down
0%
VOY 1 11 State of Flux
0%
DS9 6 9 Statistical Probabilities
0%
ENT 2 14 Stigma
0%
ENT 4 1 Storm Front
0%
ENT 4 2 Storm Front
0%
DS9 7 19 Strange Bedfellows
0%
ENT 1 4 Strange New World
0%
ENT 3 14 Strategem
0%
TNG 4 4 Suddenly Human
0%
VOY 6 2 Survival Instinct
0%
TNG 6 22 Suspicions
0%
DS9 7 22 Tacking Into the Wind
0%
DS9 7 4 Take Me Out to the Holosuite
0%
VOY 2 9 Tattoo
0%
DS9 6 26 Tears of the Prophets
0%
ENT 1 6 Terra Nova
0%
TOS 3 17 That Which Survives
0%
DS9 3 6 The Abandoned
0%
DS9 3 26 The Adversary
0%
ENT 4 14 The Aenar
0%
DS9 2 12 The Alternate
0%
ENT 1 7 The Andorian Incident
0%
TNG 1 21 The Arsenal of Freedom
0%
DS9 5 9 The Ascent
0%
ENT 4 6 The Augments
0%
DS9 5 12 The Begotten
0%
TNG 1 12 The Big Goodbye
0%
TNG 3 5 The Bonding
0%
ENT 2 21 The Breach
0%
ENT 2 12 The Catwalk
0%
DS9 7 20 The Changing Face of Evil
0%
VOY 3 3 The Chute
0%
VOY 1 6 The Cloud
0%
TOS 3 21 The Cloud Minders
0%
DS9 2 24 The Collaborator
0%
ENT 2 8 The Communicator
0%
TOS 1 13 The Conscience of the King
0%
TOS 1 10 The Corbomite Maneuver
0%
ENT 3 22 The Council
0%
ENT 2 18 The Crossing
0%
DS9 5 11 The Darkness and the Light
0%
TNG 2 10 The Dauphin
0%
TOS 2 12 The Deadly Years
0%
TNG 3 10 The Defector
0%
DS9 3 21 The Die is Cast
0%
VOY 5 17 The Disease
0%
DS9 7 24 The Dogs of War
0%
TOS 2 6 The Doomsday Machine
0%
TNG 4 21 The Drumhead
0%
TOS 3 12 The Empath
0%
DS9 7 12 The Emperor's New Cloak
0%
ENT 2 26 The Expanse
0%
VOY 5 19 The Fight
0%
TNG 5 19 The First Duty
0%
ENT 4 7 The Forge
0%
ENT 3 20 The Forgotten
0%
DS9 1 17 The Forsaken
0%
TNG 5 6 The Game
0%
TOS 2 16 The Gamesters of Triskelion
0%
VOY 6 25 The Haunting of Deck Twelve
0%
TNG 3 12 The High Ground
0%
TNG 4 23 The Host
0%
TNG 3 11 The Hunted
0%
TNG 2 14 The Icarus Factor
0%
TOS 2 18 The Immunity Syndrome
0%
TNG 5 25 The Inner Light
0%
VOY 4 18 The Killing Game
0%
VOY 4 19 The Killing Game
0%
TOS 3 18 The Lights of Zetar
0%
TNG 4 10 The Loss
0%
TOS 3 16 The Mark of Gideon
0%
TNG 4 24 The Mind's Eye
0%
TNG 3 22 The Most Toys
0%
DS9 4 21 The Muse
0%
TNG 5 24 The Next Phase
0%
TNG 4 19 The Nth Degree
0%
TNG 3 16 The Offspring
0%
VOY 4 21 The Omega Directive
0%
TNG 5 17 The Outcast
0%
TNG 2 4 The Outrageous Okona
0%
DS9 1 9 The Passenger
0%
TNG 7 12 The Pegasus
0%
TNG 5 21 The Perfect Mate
0%
TNG 6 9 The Quality of Life
0%
DS9 4 24 The Quickening
0%
VOY 4 6 The Raven
0%
DS9 6 21 The Reckoning
0%
TNG 2 12 The Royale
0%
TOS 3 22 The Savage Curtain
0%
TNG 2 6 The Schizoid man
0%
ENT 2 7 The Seventh
0%
DS9 5 2 The Ship
0%
ENT 3 7 The Shipment
0%
DS9 6 25 The Sound of Her Voice
0%
DS9 1 14 The Storyteller
0%
TNG 3 3 The Survivors
0%
VOY 3 4 The Swarm
0%
DS9 4 9 The Sword of Kahless
0%
VOY 2 23 The Thaw
0%
TOS 2 24 The Ultimate Computer
0%
TNG 3 9 The Vengeance Factor
0%
DS9 4 3 The Visitor
0%
VOY 7 15 The Void
0%
VOY 6 9 The Voyager Conspiracy
0%
DS9 4 1-2 The Way of the Warrior (2-part episode)
0%
TOS 3 20 The Way to Eden
0%
DS9 2 22 The Wire
0%
TNG 4 12 The Wounded
0%
TNG 7 16 Thine Own Self
0%
DS9 5 8 Things Past
0%
VOY 5 20 Think Tank
0%
VOY 5 9 Thirty Days
0%
VOY 2 15 Threshold
0%
DS9 3 19 Through the Looking Glass
0%
DS9 5 19 Ties of Blood and Water
0%
DS9 7 18 Til Death Do Us Part
0%
VOY 1 4 Time and Again
0%
VOY 5 6 Timeless
0%
TNG 6 25 Timescape
0%
DS9 6 24 Time's Orphan
0%
TNG 2 13 Time Squared
0%
VOY 6 4 Tinker, Tenor, Doctor, Spy
0%
TNG 3 20 Tin Man
0%
TNG 1 16 Too Short a Season
0%
DS9 4 23 To the Death
0%
TNG 3 25 Transfigurations
0%
DS9 7 6 Treachery, Faith and the Great River
0%
DS9 2 25 Tribunal
0%
VOY 6 15 Tsunkatse
0%
ENT 3 8 Twilight
0%
VOY 2 6 Twisted
0%
ENT 1 25 Two Days and Two Nights
0%
ENT 1 5 Unexpected
0%
VOY 4 22 Unforgettable
0%
VOY 6 26 Unimatrix Zero
0%
VOY 7 1 Unimatrix Zero
0%
ENT 4 13 United
0%
VOY 3 17 Unity
0%
TNG 2 7 Unnatural Selection
0%
TNG 2 18 Up the Long Ladder
0%
DS9 6 22 Valiant
0%
ENT 2 10 Vanishing Point
0%
TNG 5 12 Violations
0%
VOY 6 13 Virtuoso
0%
VOY 4 20 Vis à Vis
0%
DS9 3 17 Visionary
0%
DS9 1 12 Vortex
0%
ENT 1 22 Vox Sola
0%
VOY 4 13 Waking Moments
0%
DS9 6 11 Waltz
0%
VOY 5 25 Warhead
0%
VOY 3 10 Warlord
0%
TNG 1 24 We'll Always Have Paris
0%
TOS 1 7 What Are Little Girls Made Of?
0%
DS9 7 21 When It Rains...
0%
TNG 1 17 When the Bough Breaks
0%
DS9 2 14 Whispers
0%
TOS 3 14 Whom Gods Destroy
0%
TNG 3 4 Who Watches the Watchers
0%
TOS 3 11 Wink of an Eye
0%
VOY 7 16 Workforce
0%
VOY 7 17 Workforce
0%
VOY 3 25 Worst Case Scenario
0%
DS9 6 17 Wrongs Darker Than Death or Night
0%
VOY 4 8 Year of Hell
0%
VOY 4 9 Year of Hell
0%
TNG 3 15 Yesterday's Enterprise
0%
DS9 6 7 You Are Cordially Invited
0%
ENT 3 24 Zero Hour
0%
No matching quizzes found
Score Distribution
Percent of People with Each Score
Percentile by Number Answered
Your Score History
You have not taken this quiz